书目信息 |
| 题名: |
天下第一好事, 还是读书
|
|
| 作者: | 季羡林, 著 ;季诺 编选 | |
| 分册: | ||
| 出版信息: | 北京 作家出版社 2020.12 |
|
| 页数: | 269页 | |
| 开本: | 21cm | |
| 丛书名: | 季羡林人生六书 | |
| 单 册: | ||
| 中图分类: | I267 | |
| 科图分类: | ||
| 主题词: | 散文集--san wen ji--中国--当代 | |
| 电子资源: | ||
| ISBN: | 978-7-5212-0880-1 | |
| 000 | 01256nam 2200289 450 | |
| 001 | 202021192516 | |
| 005 | 20211025120136.0 | |
| 010 | @a978-7-5212-0880-1@dCNY39.00 | |
| 100 | @a20210925d2020 em y0chiy50 ea | |
| 101 | 0 | @achi |
| 102 | @aCN@b110000 | |
| 105 | @ay z 000cy | |
| 106 | @ar | |
| 200 | 1 | @a天下第一好事, 还是读书@Atian xia di yi hao shi , hai shi du shu@f季羡林著 |
| 210 | @a北京@c作家出版社@d2020.12 | |
| 215 | @a269页@d21cm | |
| 225 | 2 | @a季羡林人生六书@Aji xian lin ren sheng liu shu |
| 314 | @a版权页题: 季诺编选 | |
| 314 | @a季羡林, 中国山东省聊城市临清人, 字希逋, 又字齐奘。是中国著名文学家、国学大师、语言学家、教育家、社会活动家、翻译家、散文家。曾历任中国科学院哲学社会科学部委员、聊城大学名誉校长、北京大学副校长、中国社会科学院南亚研究所所长, 是北京大学的终身教授。 | |
| 330 | @a本书分为假若我再上一次大学、哲学的用处、研究学问的三个境界共三编, 主要内容包括: 大学外国语教学法刍议 ; 我的处女作 ; 我和书 ; 我和外国语言 ; 藏书与读书 ; 假若我再上一次大学等。 | |
| 410 | 0 | @12001 @a季羡林人生六书 |
| 606 | 0 | @a散文集@Asan wen ji@y中国@z当代 |
| 690 | @aI267@v5 | |
| 701 | 0 | @a季羡林,@Aji xian lin@f1911-2009@4著 |
| 702 | 0 | @a季诺@Aji nuo@4编选 |
| 801 | 0 | @aCN@c20210909 |
| 905 | @a河南城建学院图书馆@dI267@eJ182 | |
| 天下第一好事, 还是读书/季羡林著.-北京:作家出版社,2020.12 |
| 269页;21cm.-(季羡林人生六书) |
| ISBN 978-7-5212-0880-1:CNY39.00 |
| 本书分为假若我再上一次大学、哲学的用处、研究学问的三个境界共三编, 主要内容包括: 大学外国语教学法刍议 ; 我的处女作 ; 我和书 ; 我和外国语言 ; 藏书与读书 ; 假若我再上一次大学等。 |
| ● |
| 相关链接 |
|
|
|
正题名:天下第一好事, 还是读书
索取号:I267/J182
 
预约/预借
| 序号 | 登录号 | 条形码 | 馆藏地/架位号 | 状态 | 备注 |
| 1 | 1541650 | 215416501 | 社科二线422/422社科库 41排4列3层/ [索取号:I267/J182] | 在馆 | |
| 2 | 1541651 | 215416510 | 文学库116/116文学库 4排3列3层/ [索取号:I267/J182] | 在馆 | |
| 3 | 1541652 | 215416529 | 文学库116/116文学库 4排3列3层/ [索取号:I267/J182] | 在馆 |